01174na a2200313 450000100060000000300080000600500170001400800410003102000210007202000210009302000210011402000210013502000210015603500100017704000250018708200280021224500840024025000110032426000460033530000240038149000340040550000490043950001620048850000380065050500740068865000370076265100370079970000240083613905MIRAKIL20181213154815.0160908b tu 000 0  a9750804120 (c.4) a9750804104 (c.2) a9750804082 (c.1) a9750804112 (c.3) a9750804090 (tk.) a13905 aMilasbturcTR-AnCHP aDAN 956.102bC85 [2003] aCumhuriyet ansiklopedisib1923 - 2000cyayın kurulu Hasan Ersel ...[ve öte.] a3. bs. aİstanbulbYapı Kredi Yayınlarıc2003 a4 c.bres. c24 sm. aYapı Kredi Yayınlarıv1627 aKütüphanemizde 2. cilt bulunmamaktadır. acilt 1: beşinci basım/2005 ; cilt 3, kopya 1: dördüncü basım / 2003 ; cilt 3 kopya 2: beşinci basım 2005 ; cilt 4: dördüncü basım / 2003. aHer cildin sonunda dizin vardır. ac.1: 1923-1940-- c.2: 1941-1960.-- c.3: 1961-1980.-- c.4: 1981-2000 aAnsiklopedilerxTarihzTürkiye aTürkiyexTarihyAnsiklopediler aErsel, Hasand1948-